<The> Argentine financial sector performance, problems, and policy issues
Salvato in:
| Autore principale: | |
|---|---|
| Altri autori: | |
| Natura: | Libro |
| Lingua: | inglese |
| Pubblicazione: |
Kiel
Institut für Weltwirtschaft
1985
|
| Serie: | Kiel Working Paper
no. 226 |
| Tags: |
Nessun Tag, puoi essere il primo ad aggiungerne!!
|
MARC
| LEADER | 00000nam a2200000 4500 | ||
|---|---|---|---|
| 001 | c109521 | ||
| 005 | 20250521092853.5 | ||
| 041 | 0 | |a eng | |
| 044 | |a DE | ||
| 245 | 1 | 0 | |a <The> Argentine financial sector |b performance, problems, and policy issues |c Bernhard Fischer, Peter Trapp |
| 264 | 1 | |a Kiel |b Institut für Weltwirtschaft |c 1985 | |
| 300 | |a 28 s. | ||
| 490 | 1 | |a Kiel Working Paper |v no. 226 | |
| 830 | 0 | |a Kiel Working Paper |v no. 226 | |
| 100 | 1 | |a Fischer, Bernhard | |
| 700 | 1 | |a Trapp, Peter | |